000 00521nam a22001817a 4500
005 20160810163811.0
010 _aENG-115711
020 _a9789350099223
_c350.00
035 _aEN-99243
037 _bDBAD/PUB
082 _aN
100 _aVenkatraghavan,Sukanya
245 _aDark things /
_cby Sukanaya Venkatraghavan,
260 _aGurgoan
_bHachette India
_c2015
270 _a4th & 5th Floors Corporate Center,Plot N0-94,Sector 44
_bGurgaon
_e122003
300 _a355p.
_c20cm(pbk)
942 _2ddc
_cEN
_hN
_mVEN
999 _c102124
_d102124